A very short, fairly interesting and reasonably cheap book about international business / (Record no. 9066)

MARC details
000 -LEADER
fixed length control field 01243cam a2200373 a 4500
001 - CONTROL NUMBER
control field 15173849
003 - CONTROL NUMBER IDENTIFIER
control field OSt
005 - DATE AND TIME OF LATEST TRANSACTION
control field 20240704122543.0
008 - FIXED-LENGTH DATA ELEMENTS--GENERAL INFORMATION
fixed length control field 080208s2008 cau b 001 0 eng
010 ## - LIBRARY OF CONGRESS CONTROL NUMBER
LC control number 2008922733
015 ## - NATIONAL BIBLIOGRAPHY NUMBER
National bibliography number GBA878393
Source bnb
016 7# - NATIONAL BIBLIOGRAPHIC AGENCY CONTROL NUMBER
Record control number 014647437
Source Uk
020 ## - INTERNATIONAL STANDARD BOOK NUMBER
International Standard Book Number 1412947626 (hbk.)
020 ## - INTERNATIONAL STANDARD BOOK NUMBER
International Standard Book Number 9781412947626 (hbk.)
020 ## - INTERNATIONAL STANDARD BOOK NUMBER
International Standard Book Number 1412947634 (pbk.)
020 ## - INTERNATIONAL STANDARD BOOK NUMBER
International Standard Book Number 9781412947633 (pbk.)
035 ## - SYSTEM CONTROL NUMBER
System control number (OCoLC)ocn228362672
040 ## - CATALOGING SOURCE
Transcribing agency must
042 ## - AUTHENTICATION CODE
Authentication code lccopycat
050 00 - LIBRARY OF CONGRESS CALL NUMBER
Classification number HD62.4
Item number .C35 2008
082 04 - DEWEY DECIMAL CLASSIFICATION NUMBER
Classification number 338.88 CAI 2008
Edition number 22
100 1# - MAIN ENTRY--PERSONAL NAME
Personal name Cairns, George.
9 (RLIN) 18434
245 12 - TITLE STATEMENT
Title A very short, fairly interesting and reasonably cheap book about international business /
Statement of responsibility, etc. George Cairns and Martyna Śliwa.
260 ## - PUBLICATION, DISTRIBUTION, ETC. (IMPRINT)
Place of publication, distribution, etc. Los Angeles ;
-- London :
Name of publisher, distributor, etc. SAGE,
Date of publication, distribution, etc. 2008.
300 ## - PHYSICAL DESCRIPTION
Extent viii, 176 p. ;
Dimensions 21 cm.
504 ## - BIBLIOGRAPHY, ETC. NOTE
Bibliography, etc Includes bibliographical references (p. [165]-173) and index.
650 #0 - SUBJECT ADDED ENTRY--TOPICAL TERM
Topical term or geographic name as entry element International business enterprises.
9 (RLIN) 3738
650 #0 - SUBJECT ADDED ENTRY--TOPICAL TERM
Topical term or geographic name as entry element International trade.
9 (RLIN) 1473
700 1# - ADDED ENTRY--PERSONAL NAME
Personal name Śliwa, Martyna.
9 (RLIN) 18435
906 ## - LOCAL DATA ELEMENT F, LDF (RLIN)
a 7
b cbc
c copycat
d 2
e ncip
f 20
g y-gencatlg
942 ## - ADDED ENTRY ELEMENTS (KOHA)
Source of classification or shelving scheme Dewey Decimal Classification
Koha item type Open Shelf
Holdings
Withdrawn status Lost status Source of classification or shelving scheme Damaged status Not for loan Home library Current library Date acquired Source of acquisition Inventory number Total Checkouts Full call number Barcode Date last seen Price effective from Koha item type
    Dewey Decimal Classification     MUST Main Library MUST Main Library 04/07/2024 purchase 11/32843   338.88 CAI 2008 2024-21772 04/07/2024 04/07/2024 Open Shelf